Английский язык. Деловой иностранный язык: методические указания для подготовки бакалавров по направлениям 35.04.02, 23.03.01, 08.03.01, 18.03.01, 18.03.02, 15.03.02
Данные методические указания содержат ряд упражнений направленных на расширение словарного запаса студентов, правила составления деловых писем, упражнения по развитию навыков и умений ведения деловых переговоров и подготовки презентаций. Методические указания предназначены для бакалавров всех факуль...
Saved in:
| Format: | Книга |
|---|---|
| Language: | Russian |
| Published: |
Санкт-Петербург
СПбГЛТУ
2014
|
| Online Access: | http://e.lanbook.com/books/element.php?pl1_id=55721 https://e.lanbook.com/img/cover/book/55721.jpg |
| Tags: |
Add Tag
No Tags, Be the first to tag this record!
|
| LEADER | 01668nam0a2200217 i 4500 | ||
|---|---|---|---|
| 001 | 55721 | ||
| 003 | RuSpLAN | ||
| 005 | 20221220173929.0 | ||
| 008 | 221220s2014 ru gs 000 0 rus | ||
| 040 | |a RuSpLAN | ||
| 041 | 0 | |a rus | |
| 044 | |a ru | ||
| 245 | 0 | 0 | |a Английский язык. Деловой иностранный язык: методические указания для подготовки бакалавров по направлениям 35.04.02, 23.03.01, 08.03.01, 18.03.01, 18.03.02, 15.03.02 |
| 260 | |a Санкт-Петербург |b СПбГЛТУ |c 2014 | ||
| 300 | |a 61 с. | ||
| 504 | |a Библиогр.: доступна в карточке книги, на сайте ЭБС Лань | ||
| 520 | 8 | |a Данные методические указания содержат ряд упражнений направленных на расширение словарного запаса студентов, правила составления деловых писем, упражнения по развитию навыков и умений ведения деловых переговоров и подготовки презентаций. Методические указания предназначены для бакалавров всех факультетов изучающих деловой иностранный язык. | |
| 521 | 8 | |a Книга из коллекции СПбГЛТУ - Языкознание и литературоведение | |
| 856 | 4 | |u http://e.lanbook.com/books/element.php?pl1_id=55721 | |
| 856 | 4 | 8 | |u https://e.lanbook.com/img/cover/book/55721.jpg |
| 953 | |a https://e.lanbook.com/img/cover/book/55721.jpg | ||